000 00499pab a2200169 454500
008 180718b2008 xxu||||| |||| 00| 0 eng d
100 _aGuo, Barong et al.
245 _aDual incentives and dual asset building: policy implications of the Hutubi rural social security loan programme in China
260 _c2008
300 _ap.453-70.
362 _aJul
650 _aSocial security - China
650 _aSocial security
773 _aJournal of Social Policy
908 _aN
909 _a82902
999 _c82902
_d82902